Регионална библиотека "Любен Каравелов" - Русе

Разкази и повести (Запис номер 125004)

MARC детайли
000 -Лидер
Контролно поле с фиксирана дължина nam a22 a 4500
003 - Код на организацията, давaща контролен номер
Контролно поле BLK
005 - Дата и час на последна редакция
Контролно поле 20220531122821.0
008 - Елементи от данни с фиксирана дължина
fixed length control field 180409b bul|||||r ||||||| ||bul||
010 ## - Наследен системен номер
LC control number KNG00130673000
040 ## - Източник на каталожния запис
Идентификатор на билиотеката - собственик на записа BLK
041 ## - Код за език
Код за езика на текст/звукозапис или на отделно заглавие Български
Код за езика КДБФ Български
080 ## - УДК
Текстов определител УДК Българска литература
УДК код - определител по УДК 821.163.2
УДК определител -32
УДК - код + определител 821.163.2-32
100 1# - Редна дума - Автор
Автор Барух, Арманд Сабат
Авторска отговорност първи автор
R(LIN) 301770
139 ## - Редно поле
Редна дума Барух, Арманд Сабат
Авторски знак Бару - Б 27
245 10 - Сведения за заглавието
Заглавие Разкази и повести
Редно поле (дума) Арманд Сабат Барух.
250 ## - Област на изданието
Сведения за изданието 2. изд.
257 ## - Страна на издаване
Страна на създаване/издаване България
260 ## - Област на издателските данни
Име на издателя, разпространителя и проч. Нар. култура
Година на издаване 1966
Място на издаване, разпространение и проч. София
300 ## - Физическа характеристика
Страници 350 с.
Размери/Мащаб 21 см
Илюстрации и др. 1 л. портр.
380 ## - Жанр
Жанр Худож. лит.
500 ## - Общи забележки
Забележка 1. изд. 1961 със загл. Разкази. - 8 090 тир.
852 ## - Местоположение
Форматна сигнатура Цб 36366
856 4# - Електронен адрес и достъп
Електронен формат pdf - файл
856 4# - Електронен адрес и достъп
Електронен формат pdf - файл
999 ## - СИСТЕМНИ КОНТРОЛНИ НОМЕРА
Koha biblionumber 125004
Koha biblioitemnumber 125004
942 ## - АРТИКУЛИ
Вид на библиотечния материал Книги
Скрит в OPAC Не
Периодичен библиозапис Да
944 ## - СЪЗДАВАНЕ И РЕДАКЦИЯ на ЗАПИСА
Създаване/Редакция Създаване
Дата на регистрацията/редакция 17.05.2012
Статус, дата на статуса 17.05.2012 - от С1,Р / 17.05.2012
Служител, извършил регистрацията/редакцията Людмила_Стоянова
944 ## - СЪЗДАВАНЕ И РЕДАКЦИЯ на ЗАПИСА
Създаване/Редакция Редакция
Дата на регистрацията/редакция 17.05.2012
Статус, дата на статуса 17.05.2012 - от С1,Р / 17.05.2012
999 ## - СИСТЕМНИ КОНТРОЛНИ НОМЕРА
Koha biblioitemnumber 125004
Наличности
Код за отписване Код за изгубен артикул Източник на класификационната схема Код за повреда Коз за рестрикции Код за отдаване Артикулен № Име на библиотеката - собственик Име на библиотеката, в която се намира в момента Статус (Текущо местоположение) Дата на вписване в системата Местоположение - отдел Цена в лева Инвентарен номер Систематично азбучна сигнатура Баркод Номер на екземпляра Цена в евро Служебна бележка Служебен тип на артикула
  Не е изгубен Universal Decimal Classification Не е повреден само за читалня ползва се в читалня 203084 Регионална библиотека "Любен Каравелов" Русе Регионална библиотека "Любен Каравелов" Русе Хранилище 1966-01-01 Хранилище 1.22 11086/66 Цб 36366 900000098120 1 0.62 N: стар фонд Дата: 01.01.1966 Книги
Изтеглен Не е изгубен   Не е повреден без рестрикции заемане за дома 203085 Регионална библиотека "Любен Каравелов" Русе Регионална библиотека "Любен Каравелов" Русе Заемна - подръчен фонд 1966-01-01 Заемна - подръчен фонд 0.00 11325/66 П 886.7-32/Б 27 11325/66 2 0.00 N: стар фонд Дата: 01.01.1966 Книги
Vip Innovations Ltd, Rousse, Bulgaria 2025